| 000 | 00508nam a2200205Ia 4500 | ||
|---|---|---|---|
| 003 | OSt | ||
| 005 | 20230529162520.0 | ||
| 008 | 210423s1971 xx 000 0 und d | ||
| 040 | _cAL | ||
| 041 | _aeng | ||
| 082 |
_a150 _223 _bIGNB |
||
| 100 |
_aIGNOU _963741 |
||
| 245 | _aBasic of psychology for social workers | ||
| 260 |
_bIgnou _c1971 |
||
| 365 |
_b114 _cINR |
||
| 650 |
_aPhilosophy _963742 |
||
| 650 |
_aPsychology _963743 |
||
| 906 | _aBasic ; psychology ; social ; workers | ||
| 942 |
_2ddc _cBK |
||
| 999 |
_c175445 _d175445 |
||